Alfabetización : política y estrategias en América Latina y el Caribe.

保存先:
書誌詳細
第一著者: Rodríguez Fuenzalida, Eugenio (autor)
その他の著者: Nagel A., José (autor) (autor)
フォーマット: 図書
言語:スペイン語
主題:
タグ: タグ追加
タグなし, このレコードへの初めてのタグを付けませんか!

MARC

LEADER 00000cam^a2200000uu^4500
001 000470513
005 20250521000000.0
008 050901s1982^^^^^^^^^^^^rd^r^^000^0^spa^d
009 20260310124601.515
035 |a FCE 000013301 
035 |a FCE 001079 
037 |a Acervo ITESO - Biblioteca 
041 |a spa 
082 0 4 |a 374.02  |b ROD 
100 |a Rodríguez Fuenzalida, Eugenio  |e (autor) 
245 1 0 |a Alfabetización :  |b política y estrategias en América Latina y el Caribe. 
264 |a Santiago, Chile :  |b UNESCO : OREALC,  |c 1982. 
300 |a 115 p. 
336 |a texto  |b txt  |2 rdacontenido 
337 |a sin mediación  |b n  |2 rdamedio 
338 |a volumen  |b nc  |2 rdasoporte 
649 |a XX 
650 |a Alfabetización 
650 |a Indígenas 
650 |a Estrategias de la educación 
650 |a Campesinos 
650 |a Analfabetismo 
650 |a Método de alfabetización 
650 |a Políticas de educación 
650 |a América Latina 
700 |a Nagel A., José  |e (autor) 
910 |a Fondo Centro de Estudios Educativos 
920 |a Impresos - Libros 
930 |a Fondos Especiales 
905 |a 133 
901 |a ALE001079  |b IT2  |c CEE  |u 20250521 
901 |a ALE041538  |b IT2  |c CEE  |u 20250521 
901 |a ALE041539  |b IT2  |c CEE  |u 20250521 
902 |a https://opac.biblio.iteso.mx/vufind/Record/000470513